000 00385nam a2200145Ia 4500
008 230917s9999||||xx |||||||||||||| ||und||
040 _e190111
_aMAIN
041 _aEnglish
082 _a891.422 R126P
100 _aRaghbir Kaur
245 0 _aPunjabi dukhant natak: Prampra te pravah (Aalochna)
260 _aJalandhar
_bJalandhar Book Shop
_c2004
300 _a192 p.
942 _cBK
999 _c132070
_d132070